|
|
|
|
| LEADER |
00000nam0a2200000 4500 |
| 001 |
370119 |
| 005 |
20231102012241.0 |
| 035 |
|
|
|a (RuTPU)RU\TPU\retro\27527
|
| 035 |
|
|
|a RU\TPU\book\59150
|
| 090 |
|
|
|a 370119
|
| 100 |
|
|
|a 20220620d1970 km y0rusy50 ca
|
| 101 |
0 |
|
|a rus
|
| 102 |
|
|
|a RU
|
| 105 |
|
|
|a a j 001zy
|
| 200 |
1 |
|
|a Металлокерамические твердые сплавы
|e учебное пособие
|f Н. И. Романова, П. Г. Чекулаев, В. И. Дусев [и др.]
|
| 210 |
|
|
|a Москва
|c Металлургия
|d 1970
|
| 215 |
|
|
|a 352 с.
|c ил.
|
| 320 |
|
|
|a Библиогр.: с. 352
|
| 453 |
|
1 |
|0 (RuTPU)RU\TPU\retro\27530
|t Металлокерамические твердые сплавы
|l Sentered metal carbides
|o пер. с рус.
|f Н. И. Романова, П. Г. Чекулаев, В. И. Дусев [и др.]
|c Москва
|n Мир
|d 1972
|p 332 с.
|
| 606 |
1 |
|
|a Твердые сплавы металлокерамические
|x Производство
|2 stltpush
|3 (RuTPU)RU\TPU\subj\58631
|9 76401
|
| 610 |
1 |
|
|a металлокерамические материалы
|
| 610 |
1 |
|
|a физико-химические основы
|
| 610 |
1 |
|
|a применение
|
| 610 |
1 |
|
|a свойства
|
| 610 |
1 |
|
|a технологические процессы
|
| 610 |
1 |
|
|a сырье
|
| 610 |
1 |
|
|a порошковые материалы
|
| 610 |
1 |
|
|a восстановление
|
| 610 |
1 |
|
|a смеси
|
| 610 |
1 |
|
|a спекание
|
| 610 |
1 |
|
|a контроль качества
|
| 610 |
1 |
|
|a обработка
|
| 610 |
1 |
|
|a инструменты
|
| 610 |
1 |
|
|a горное дело
|
| 610 |
1 |
|
|a учебные пособия
|
| 675 |
|
|
|a 621.762:669.018.25(075)
|v 3
|
| 701 |
|
1 |
|a Романова
|b Н. И.
|g Нина Ивановна
|
| 701 |
|
1 |
|a Чекулаев
|b П. Г.
|g Петр Гаврилович
|
| 701 |
|
1 |
|a Дусев
|b В. И.
|g Вячеслав Иванович
|
| 701 |
|
1 |
|a Лившиц
|b Т. А.
|g Теодор Адольфович
|
| 701 |
|
1 |
|a Курдов
|b М. Н.
|g Михаил Николаевич
|
| 801 |
|
1 |
|a RU
|b 63413507
|c 20030926
|g PSBO
|
| 801 |
|
2 |
|a RU
|b 63413507
|c 20220620
|g PSBO
|
| 900 |
|
|
|a Физические основы разработки и производства твердых сплавов
|
| 942 |
|
|
|c BK
|